[Event "Quebec op U2000"]
[Site "Montreal CAN"]
[Date "2023.07.31"]
[Round "4.34"]
[White "Beaulieu, Pierre"]
[Black "Audet, Olivier"]
[Result "0-1"]
[WhiteElo "1758"]
[BlackElo "1544"]
[PlyCount "75"]
[EventDate "2023.07.29"]
[EventType "swiss"]
[EventRounds "9"]
[EventCountry "CAN"]

1. g3 d5 2. Bg2 c5 3. c4 Nf6 4. cxd5 Nxd5 5. Nc3 Nxc3 6. bxc3 Nc6 7. Nf3 e5 8.
O-O Be7 9. d3 g5 10. e4 h5 11. Ne1 h4 12. Qe2 Qd6 13. Bh1 Bh3 14. Ng2 O-O-O 15.
Rd1 hxg3 16. fxg3 c4 17. d4 exd4 18. cxd4 Qh6 19. Be3 f5 20. exf5 Bxf5 21. Nh4
Bd3 22. Qg4+ Kb8 23. Rxd3 cxd3 24. d5 Nb4 25. Qd4 Qa6 26. Nf5 Bf6 27. Qxb4 Bxa1
28. Ne7 Ka8 29. Nc6 Rdf8 30. Bg2 Re8 31. Qd2 Rxe3 32. Qxe3 bxc6 33. dxc6 Kb8
34. Qe7 Qb6+ 35. Kf1 Rd8 36. Qxg5 Rf8+ 37. Ke1 Qf2+ 38. Kd1 0-1

[Event "Quebec op U2000"]
[Site "Montreal CAN"]
[Date "2023.07.31"]
[Round "4.35"]
[White "Ouni, Iheb"]
[Black "Goldner, John"]
[Result "1/2-1/2"]
[WhiteElo "1189"]
[BlackElo "1628"]
[PlyCount "145"]
[EventDate "2023.07.29"]
[EventType "swiss"]
[EventRounds "9"]
[EventCountry "CAN"]

1. d4 d5 2. c4 e6 3. Nf3 c5 4. cxd5 exd5 5. g3 Nc6 6. Be3 cxd4 7. Nxd4 Nf6 8.
Bg2 Bb4+ 9. Nc3 Qa5 10. Qb3 O-O 11. O-O Bxc3 12. bxc3 Ne5 13. Nf3 Nc4 14. Rfd1
Nxe3 15. fxe3 Re8 16. c4 dxc4 17. Qxc4 Rxe3 18. Qd4 Re8 19. Nd2 Qe5 20. Qxe5
Rxe5 21. Bf3 Rb8 22. Nc4 Re8 23. Nd6 Rf8 24. Rab1 b6 25. a3 Be6 26. Rd4 Nd7 27.
Ra4 a5 28. Bc6 Nc5 29. Rd4 g6 30. Kf2 Rfd8 31. e3 Bd7 32. Bxd7 Rxd7 33. Nb5
Rxd4 34. exd4 Nd7 35. Ke3 Re8+ 36. Kf3 Nf6 37. Nd6 Rb8 38. Kf4 Nd5+ 39. Ke5 Ne7
40. Kf6 Nd5+ 41. Ke5 Ne3 42. Kf6 Nc2 43. Nb5 Ne3 44. h3 Re8 45. Nc7 Rc8 46. Nb5
h6 47. Nd6 Rc6 48. Ke5 Kg7 49. Nb5 Re6+ 50. Kf4 Nd5+ 51. Kf3 Re3+ 52. Kf2 Re6
53. Kf3 f5 54. a4 Re3+ 55. Kg2 Re6 56. Kf3 g5 57. g4 f4 58. Kf2 Rc6 59. Rb2 Rc4
60. Ra2 Nc3 61. Nxc3 Rxc3 62. Rb2 Rc6 63. Rd2 Kf6 64. Kf3 Rc3+ 65. Ke4 Ra3 66.
Rb2 Rxa4 67. Rxb6+ Kg7 68. Rb7+ Kg8 69. Rb8+ Kf7 70. Rb7+ Kg8 71. Rb8+ Kh7 72.
Rb7+ Kg6 73. Rb6+ 1/2-1/2

[Event "Quebec op U2000"]
[Site "Montreal CAN"]
[Date "2023.07.31"]
[Round "4.36"]
[White "St-Germain, Jack"]
[Black "Morais, Antoine"]
[Result "1-0"]
[WhiteElo "1635"]
[BlackElo "1532"]
[PlyCount "67"]
[EventDate "2023.07.29"]
[EventType "swiss"]
[EventRounds "9"]
[EventCountry "CAN"]

1. e4 e5 2. Nf3 Nc6 3. Bb5 a6 4. Ba4 Nf6 5. O-O b5 6. Bb3 Bc5 7. c3 d6 8. d3 h6
9. h3 O-O 10. Re1 Re8 11. Nbd2 Bb6 12. Nf1 Ne7 13. Ng3 c5 14. d4 Qc7 15. d5 c4
16. Bc2 Ng6 17. a4 Bd7 18. Nh2 Bc5 19. Nf5 Bxf5 20. exf5 Ne7 21. Qf3 Nexd5 22.
axb5 a5 23. Ng4 Nxg4 24. hxg4 Nf6 25. g5 hxg5 26. Bxg5 Nh7 27. Bh4 f6 28. Be4
Ra7 29. Bd5+ Kf8 30. Qh5 Ng5 31. Qh8+ Ke7 32. Qxg7+ Kd8 33. Qxf6+ Kc8 34. Qxg5
1-0

[Event "Quebec op U2000"]
[Site "Montreal CAN"]
[Date "2023.07.31"]
[Round "4.37"]
[White "Selling, Edward"]
[Black "Baran, Marius"]
[Result "1/2-1/2"]
[WhiteElo "1625"]
[BlackElo "1803"]
[PlyCount "129"]
[EventDate "2023.07.29"]
[EventType "swiss"]
[EventRounds "9"]
[EventCountry "CAN"]

1. d4 Nf6 2. c4 e6 3. Nf3 b6 4. e3 Bb7 5. Be2 d5 6. Nc3 Nbd7 7. O-O Be7 8. cxd5
exd5 9. a3 c5 10. Bd3 O-O 11. Bd2 c4 12. Bc2 a6 13. Rc1 b5 14. Re1 Ne4 15. Re2
Qc7 16. Bb1 f5 17. Na2 g5 18. Bb4 Qd8 19. Bxe7 Qxe7 20. Nd2 Rf7 21. Nc3 Nd6 22.
f3 Qf6 23. Qe1 Re8 24. Qf2 Rfe7 25. Rce1 Qf7 26. e4 fxe4 27. fxe4 Qxf2+ 28.
Kxf2 dxe4 29. Ndxe4 Nxe4+ 30. Nxe4 Kg7 31. Nd6 Rxe2+ 32. Rxe2 Rxe2+ 33. Kxe2
Bxg2 34. Ne8+ Kf8 35. Nc7 Bb7 36. Bxh7 Ke7 37. Bf5 Nf6 38. Ne6 Nd5 39. Nc5 Nf4+
40. Kd2 Kf6 41. Bg4 Bc6 42. Nxa6 Nd3 43. Kc3 Nf2 44. Bc8 Ke7 45. Nb4 Bd7 46.
Nd5+ Kd6 47. Bxd7 Kxd7 48. Ne3 Kc6 49. a4 Kb6 50. axb5 Kxb5 51. d5 Kc5 52. b4+
cxb3 53. Kxb3 Ne4 54. Kc2 Kd4 55. Nf5+ Kxd5 56. Kd3 Ke5 57. Nh6 Kf4 58. Ke2 Nf6
59. Kf2 Ng4+ 60. Nxg4 Kxg4 61. Kg2 Kh4 62. Kf2 Kh3 63. Kg1 Kh4 64. Kf2 Kg4 65.
Kg2 1/2-1/2

[Event "Quebec op U2000"]
[Site "Montreal CAN"]
[Date "2023.08.01"]
[Round "5.20"]
[White "Kozlov, Guennadi"]
[Black "Tachijian, Mardig"]
[Result "1/2-1/2"]
[WhiteElo "1321"]
[BlackElo "1717"]
[PlyCount "58"]
[EventDate "2023.07.29"]
[EventType "swiss"]
[EventRounds "9"]
[EventCountry "CAN"]

1. e4 e5 2. f4 d5 3. exd5 e4 4. Nc3 Nf6 5. d3 Bb4 6. Bd2 exd3 7. Bxd3 O-O 8.
Nge2 Re8 9. O-O c6 10. Qe1 Bc5+ 11. Kh1 cxd5 12. Qh4 Nc6 13. Na4 Be7 14. Be1
Ne4 15. Qh5 g6 16. Qf3 Nf6 17. h3 Nb4 18. Bxb4 Bxb4 19. a3 Bf8 20. Nac3 a6 21.
Rad1 Bc5 22. f5 g5 23. Qg3 h6 24. Ng1 Re3 25. Rf3 Nh5 26. Qg4 Nf6 27. Qg3 Nh5
28. Qg4 Nf6 29. Qg3 Nh5 1/2-1/2

[Event "Quebec op U2000"]
[Site "Montreal CAN"]
[Date "2023.08.01"]
[Round "5.21"]
[White "Craciun, David"]
[Black "Fiset, Anais Chloe"]
[Result "0-1"]
[WhiteElo "1930"]
[BlackElo "1457"]
[PlyCount "72"]
[EventDate "2023.07.29"]
[EventType "swiss"]
[EventRounds "9"]
[EventCountry "CAN"]

1. d4 d5 2. Bf4 Nf6 3. e3 c5 4. Nf3 Nc6 5. Nc3 a6 6. Ne5 cxd4 7. Nxc6 bxc6 8.
exd4 Bf5 9. Bd3 Bxd3 10. Qxd3 e6 11. O-O c5 12. Rfe1 Be7 13. dxc5 Bxc5 14. Na4
Be7 15. c4 Qa5 16. Qc2 Rc8 17. c5 Ne4 18. Rec1 O-O 19. Be3 Rc6 20. a3 Qc7 21.
b4 Bf6 22. Rab1 Be5 23. g3 g5 24. f3 d4 25. Qxe4 f5 26. Qd3 dxe3 27. Qxe3 f4
28. Qd2 fxg3 29. Qxg5+ Kh8 30. h4 Bf4 31. Qh5 Bxc1 32. Rxc1 Qf4 33. Rc3 Qd4+
34. Kg2 Qf2+ 35. Kh3 Qh2+ 36. Kg4 Rg8+ 0-1

[Event "Quebec op U2000"]
[Site "Montreal CAN"]
[Date "2023.08.01"]
[Round "5.22"]
[White "Espagnol-Echeverria, Manuel"]
[Black "De Lagrave, Sylvain"]
[Result "1/2-1/2"]
[WhiteElo "1806"]
[BlackElo "1792"]
[PlyCount "116"]
[EventDate "2023.07.29"]
[EventType "swiss"]
[EventRounds "9"]
[EventCountry "CAN"]

1. e4 c5 2. Nf3 d6 3. Bb5+ Bd7 4. Bxd7+ Qxd7 5. O-O Nc6 6. d4 cxd4 7. Nxd4 Nf6
8. Nc3 g6 9. f3 Bg7 10. Be3 O-O 11. Qd2 Ne5 12. b3 Rfc8 13. h3 Qd8 14. Nd5 Nxd5
15. exd5 a6 16. f4 Nd7 17. Rae1 Qc7 18. c4 Nc5 19. f5 Nd7 20. Kh1 Ne5 21. Bh6
Qd7 22. Re4 Bh8 23. fxg6 hxg6 24. Qg5 Qe8 25. h4 b5 26. h5 f6 27. Qg3 g5 28.
Bxg5 Qxh5+ 29. Bh4+ Qg6 30. Qxg6+ Nxg6 31. Nc6 Kf7 32. Bg3 Bg7 33. Rfe1 Rh8+
34. Kg1 Rae8 35. cxb5 axb5 36. Nd4 Rh5 37. Nxb5 Reh8 38. Kf2 Rxd5 39. a4 f5 40.
Rc4 Rc5 41. Rxc5 dxc5 42. Kg1 Rd8 43. Bc7 Rd2 44. a5 Ra2 45. Rc1 Bd4+ 46. Nxd4
cxd4 47. b4 d3 48. Rd1 Rc2 49. Bb6 Ne5 50. b5 d2 51. Kf2 Nc4 52. Be3 Nxa5 53.
Rxd2 Rxd2+ 54. Bxd2 Nb7 55. Bc3 Ke6 56. Bb4 Kd7 57. Bc3 Kd6 58. Bb4+ Kd7
1/2-1/2

[Event "Quebec op U2000"]
[Site "Montreal CAN"]
[Date "2023.08.01"]
[Round "5.23"]
[White "Alcantara, Maximo"]
[Black "Democri, Fardin"]
[Result "1-0"]
[WhiteElo "1875"]
[BlackElo "1715"]
[PlyCount "147"]
[EventDate "2023.07.29"]
[EventType "swiss"]
[EventRounds "9"]
[EventCountry "CAN"]

1. e4 c6 2. Nc3 d5 3. exd5 cxd5 4. d4 Bf5 5. Bb5+ Nc6 6. Nf3 a6 7. Bd3 Bxd3 8.
Qxd3 e6 9. Bf4 Bd6 10. Qd2 Bxf4 11. Qxf4 Qb6 12. Rb1 Nge7 13. O-O O-O 14. a3
Nf5 15. Ne2 Ncxd4 16. Nexd4 e5 17. Nxe5 Qxd4 18. Qxd4 Nxd4 19. c3 Nc6 20. Nf3
Rfe8 21. Rfe1 Re6 22. Kf1 h6 23. Red1 Rd8 24. Rd2 Na5 25. Rd4 Nc4 26. Rbd1 b5
27. b3 Nxa3 28. Rxd5 Rxd5 29. Rxd5 Rc6 30. Rd3 Nb1 31. c4 bxc4 32. bxc4 Rxc4
33. Rb3 Rc1+ 34. Ke2 a5 35. Ne1 a4 36. Rb8+ Kh7 37. Nd3 Rc3 38. Rxb1 Kg6 39.
Ra1 a3 40. Kd2 Rb3 41. Kc2 Rb5 42. Rxa3 Rg5 43. g3 Rb5 44. Kd2 f6 45. Ke3 Rb1
46. Kf3 Rb7 47. h4 Rd7 48. g4 Kf7 49. Nf4 Rc7 50. h5 Rd7 51. Re3 Rc7 52. Ng6
Ra7 53. Kg3 Rb7 54. Nf4 Ra7 55. Ng6 Rb7 56. Nh8+ Kf8 57. Ng6+ Kf7 58. f3 Ra7
59. Nh8+ Kf8 60. Kf4 Rb7 61. Kf5 Ra7 62. Kg6 Ra5 63. Kh7 f5 64. Ng6+ Kf7 65.
Re7+ Kf6 66. Rxg7 fxg4 67. fxg4 Rg5 68. Kxh6 Rxg4 69. Ra7 Rg1 70. Kh7 Kg5 71.
h6 Rh1 72. Kg7 Rb1 73. h7 Ra1 74. Rxa1 1-0

[Event "Quebec op U2000"]
[Site "Montreal CAN"]
[Date "2023.08.01"]
[Round "5.24"]
[White "Guillemette, Thomas"]
[Black "Plante, Michel"]
[Result "0-1"]
[WhiteElo "1600"]
[BlackElo "2010"]
[PlyCount "114"]
[EventDate "2023.07.29"]
[EventType "swiss"]
[EventRounds "9"]
[EventCountry "CAN"]

1. e4 d6 2. d4 Nf6 3. Nc3 Nbd7 4. f4 e5 5. Nf3 exd4 6. Qxd4 c6 7. Be3 d5 8. e5
Ng4 9. Bg1 Bc5 10. Qd2 Bxg1 11. Rxg1 Qb6 12. O-O-O Nxh2 13. Bd3 Ng4 14. Rde1
O-O 15. Rh1 f5 16. Rh5 Nc5 17. Be2 Ne6 18. Nh2 Qe3 19. Nxg4 Qxd2+ 20. Kxd2 fxg4
21. g3 g6 22. Rh4 h5 23. Rf1 Nd4 24. Rh2 Bf5 25. Bd1 Kg7 26. Ke3 Ne6 27. Ne2 c5
28. c3 Rfd8 29. Kd2 d4 30. c4 a6 31. Nc1 b5 32. Be2 Rab8 33. b3 Kf7 34. Rhf2 b4
35. Bd3 Rh8 36. Rh1 h4 37. gxh4 Rh5 38. Ne2 Rbh8 39. Rfh2 Bxd3 40. Kxd3 g5 41.
fxg5 Nxg5 42. Rf2+ Nf3 43. Ng1 Rxe5 44. Nxf3 Re3+ 45. Kd2 gxf3 46. Rh3 Ke6 47.
h5 Rh6 48. Rg3 Rxh5 49. Rg6+ Kf7 50. Rxa6 Rhe5 51. Rc6 Re2+ 52. Rxe2 Rxe2+ 53.
Kd1 Re5 54. Rh6 Kg7 55. Rh1 Kg6 56. Rh8 Kg5 57. Rg8+ Kf4 0-1

[Event "Quebec op U2000"]
[Site "Montreal CAN"]
[Date "2023.08.01"]
[Round "5.25"]
[White "Cloutier, Eric"]
[Black "Hu, Raymond"]
[Result "0-1"]
[WhiteElo "1815"]
[BlackElo "1449"]
[PlyCount "98"]
[EventDate "2023.07.29"]
[EventType "swiss"]
[EventRounds "9"]
[EventCountry "CAN"]

1. e4 c5 2. Nc3 Nc6 3. g3 e6 4. Bg2 Nge7 5. d3 d5 6. f4 b6 7. Nf3 Bb7 8. O-O
Qd7 9. Bd2 O-O-O 10. a3 dxe4 11. Nxe4 Nf5 12. b4 cxb4 13. axb4 Bxb4 14. c3 Ba5
15. d4 f6 16. Qc2 Kb8 17. Kh1 h5 18. Nf2 Nce7 19. Rfb1 Nd5 20. Nd1 h4 21. gxh4
Nxh4 22. Nxh4 Rxh4 23. Rxa5 bxa5 24. c4 Nb6 25. Be1 Rg4 26. Bg3 Bxg2+ 27. Qxg2
Qxd4 28. Nf2 Rxg3 29. Qxg3 Qxc4 30. Qe3 Qd4 31. Qg3 Rd7 32. Rd1 Qa4 33. Re1
Qc6+ 34. Kg1 a4 35. Qe3 Kb7 36. Rc1 Qd6 37. Rd1 Qe7 38. Qe4+ Kb8 39. Rb1 Rb7
40. Nd3 a3 41. Nb4 Qc5+ 42. Kg2 Qc4 43. Nc6+ Kc7 44. Nd4 Qd5 45. Nxe6+ Kb8 46.
Qxd5 Nxd5 47. Ra1 Rb2+ 48. Kf3 a2 49. Nc5 Nb4 0-1

[Event "Quebec op U2000"]
[Site "Montreal CAN"]
[Date "2023.08.01"]
[Round "5.26"]
[White "Bedhouche, Rayan"]
[Black "Chasles, Jean-Benoit"]
[Result "1/2-1/2"]
[WhiteElo "1850"]
[BlackElo "1825"]
[PlyCount "98"]
[EventDate "2023.07.29"]
[EventType "swiss"]
[EventRounds "9"]
[EventCountry "CAN"]

1. e4 c5 2. Nf3 g6 3. d4 cxd4 4. Qxd4 Nf6 5. Nc3 Nc6 6. Qa4 d6 7. e5 dxe5 8.
Nxe5 Bd7 9. Nxd7 Qxd7 10. Bd2 Bg7 11. O-O-O O-O 12. Qh4 Qg4 13. Qxg4 Nxg4 14.
Ne4 Rfd8 15. h3 Nf6 16. Nc3 Nd5 17. Nxd5 Rxd5 18. Bc4 Rc5 19. Bb3 Nd4 20. Be3
Nxb3+ 21. axb3 Rc7 22. Rd2 h5 23. Rhd1 a6 24. Rd8+ Rxd8 25. Rxd8+ Kh7 26. Bb6
Rc6 27. Ba5 Rd6 28. Rxd6 exd6 29. Bc3 Bf8 30. Kd2 Kh6 31. Kd3 Kg5 32. Kd4 Kf5
33. Kd5 g5 34. Bb4 g4 35. hxg4+ hxg4 36. Bxd6 Bxd6 37. Kxd6 g3 38. fxg3 Kg4 39.
c4 Kxg3 40. Ke5 Kxg2 41. Kf6 Kf3 42. Kxf7 Ke4 43. Ke6 Kd3 44. Kd6 Kc2 45. Kc7
Kxb3 46. c5 Kb4 47. Kb6 a5 48. b3 Kxb3 49. Kxb7 a4 1/2-1/2

[Event "Quebec op U2000"]
[Site "Montreal CAN"]
[Date "2023.08.01"]
[Round "5.27"]
[White "Audet, Olivier"]
[Black "Duval, Mathieu"]
[Result "1-0"]
[WhiteElo "1544"]
[BlackElo "1744"]
[PlyCount "79"]
[EventDate "2023.07.29"]
[EventType "swiss"]
[EventRounds "9"]
[EventCountry "CAN"]

1. Nf3 c5 2. c4 Nc6 3. Nc3 g6 4. e3 Bg7 5. d4 cxd4 6. exd4 d6 7. Be3 Bg4 8. Be2
Nf6 9. h3 Bxf3 10. Bxf3 O-O 11. O-O Rc8 12. Qd2 a6 13. Rac1 Nd7 14. b3 Qa5 15.
Bxc6 bxc6 16. Bh6 c5 17. Bxg7 Kxg7 18. Rfe1 Rfe8 19. d5 h5 20. Re2 Nf6 21. Rce1
Qc7 22. Qb2 Qd7 23. Ne4 a5 24. Re3 Rf8 25. Rf3 Qd8 26. g4 Kg8 27. Nxf6+ exf6
28. gxh5 f5 29. hxg6 fxg6 30. Re6 Kf7 31. Rg3 Rg8 32. Qd2 Rg7 33. Qf4 a4 34.
Rxd6 Qe7 35. Re3 Qc7 36. Qe5 axb3 37. Qe6+ Kf8 38. axb3 Re7 39. Qf6+ Rf7 40.
Qh8# 1-0

[Event "Quebec op U2000"]
[Site "Montreal CAN"]
[Date "2023.08.01"]
[Round "5.28"]
[White "Liu, Lucas"]
[Black "Yang, Jing Yao"]
[Result "0-1"]
[WhiteElo "1613"]
[BlackElo "1555"]
[PlyCount "78"]
[EventDate "2023.07.29"]
[EventType "swiss"]
[EventRounds "9"]
[EventCountry "CAN"]

1. d4 Nf6 2. c4 g6 3. Nc3 d5 4. Bg5 Ne4 5. Bh4 Nxc3 6. bxc3 c6 7. e3 Bg7 8. Nf3
O-O 9. Bd3 Nd7 10. O-O Re8 11. Qb3 Qa5 12. cxd5 cxd5 13. c4 e5 14. dxe5 Nc5 15.
Qc2 Nxd3 16. Qxd3 dxc4 17. Qxc4 Bxe5 18. Nxe5 Qxe5 19. Bg3 Qe7 20. Rac1 Be6 21.
Qa4 Bd7 22. Qf4 Bc6 23. Rfd1 Qe6 24. Bh4 Qe4 25. Qxe4 Rxe4 26. Rd4 Rxd4 27.
exd4 Kg7 28. Bg3 Re8 29. a3 Re2 30. Rd1 Ba4 31. Rc1 Bc6 32. Rd1 Ba4 33. Rc1 Kf6
34. f3 Ke6 35. Rc4 Bc6 36. Kf1 Ra2 37. Rc3 Rd2 38. Bf2 Bb5+ 39. Ke1 Re2+ 0-1

[Event "Quebec op U2000"]
[Site "Montreal CAN"]
[Date "2023.08.01"]
[Round "5.29"]
[White "Nardone, Raul"]
[Black "Cloutier, Jean-Pierre"]
[Result "0-1"]
[WhiteElo "1765"]
[BlackElo "1654"]
[PlyCount "74"]
[EventDate "2023.07.29"]
[EventType "swiss"]
[EventRounds "9"]
[EventCountry "CAN"]

1. d4 g6 2. c4 Bg7 3. Nc3 c5 4. d5 d6 5. Nf3 Nf6 6. h3 O-O 7. e3 a6 8. a4 a5 9.
Be2 Na6 10. e4 Nb4 11. O-O Bd7 12. Bg5 h6 13. Be3 Qc7 14. Qd2 Kh7 15. Nh2 Rae8
16. Rad1 b6 17. Bf4 Rd8 18. Be3 Be8 19. f4 Bxa4 20. Nxa4 Nxe4 21. Qc1 Ng3 22.
Rfe1 Nf5 23. Bf2 Nd4 24. Bd3 e6 25. Nc3 exd5 26. cxd5 Rfe8 27. Bb1 Nb3 28.
Bxg6+ fxg6 29. Qb1 Nd4 30. Kh1 Qf7 31. Nf1 Nxd5 32. Nxd5 Qxd5 33. Bh4 Rxe1 34.
Rxe1 Rf8 35. Ne3 Qf7 36. Rf1 Nf5 37. Nxf5 Qxf5 0-1

[Event "Quebec op U2000"]
[Site "Montreal CAN"]
[Date "2023.08.01"]
[Round "5.30"]
[White "Brassard, Sylvain"]
[Black "St-Germain, Jack"]
[Result "1-0"]
[WhiteElo "1725"]
[BlackElo "1635"]
[PlyCount "119"]
[EventDate "2023.07.29"]
[EventType "swiss"]
[EventRounds "9"]
[EventCountry "CAN"]

1. d4 Nf6 2. Nf3 d5 3. c3 c5 4. e3 e6 5. Bd3 Nc6 6. Nbd2 Be7 7. O-O O-O 8. Re1
b6 9. b3 Bb7 10. Bb2 Rc8 11. Rc1 h6 12. h3 Bd6 13. c4 cxd4 14. Nxd4 dxc4 15.
Nxc4 Bb8 16. Ba3 Nxd4 17. Bxf8 Kxf8 18. exd4 Qxd4 19. Bf1 Qf4 20. g3 Qg5 21.
Qd2 Qg6 22. Ne5 Bxe5 23. Rxc8+ Bxc8 24. Qd8+ Ne8 25. Rxe5 Qf6 26. Qxf6 Nxf6 27.
Bg2 Ke7 28. Re2 Ba6 29. Rd2 Bb5 30. a4 Bd7 31. Kf1 a5 32. Ke2 b5 33. axb5 Bxb5+
34. Ke3 a4 35. b4 Bc4 36. Kd4 Bb3 37. Kc3 Nd5+ 38. Bxd5 exd5 39. b5 Kd6 40. Kb4
f5 41. f4 Bc4 42. Kxa4 Kc5 43. Rb2 Kb6 44. Rb4 Bd3 45. Rb2 Bc4 46. Rb1 g5 47.
Re1 Bxb5+ 48. Kb4 Bd7 49. Re7 Kc6 50. Rh7 h5 51. Rh6+ Kc7 52. fxg5 f4 53. gxf4
Bxh3 54. Rxh5 Bf5 55. Kc5 Be4 56. Rh6 Kd7 57. Rf6 Ke7 58. Kd4 Bf3 59. Ke5 Be4
60. f5 1-0

[Event "Quebec op U2000"]
[Site "Montreal CAN"]
[Date "2023.08.01"]
[Round "5.31"]
[White "Omichi, Haruaki"]
[Black "Beaupre, Eugene"]
[Result "0-1"]
[WhiteElo "1568"]
[BlackElo "1825"]
[PlyCount "56"]
[EventDate "2023.07.29"]
[EventType "swiss"]
[EventRounds "9"]
[EventCountry "CAN"]

1. e4 c5 2. Ne2 d6 3. Nbc3 g6 4. g3 Bg7 5. Bg2 Nc6 6. d3 e6 7. O-O Nge7 8. Be3
O-O 9. d4 cxd4 10. Nxd4 a6 11. Qd2 Qc7 12. Nxc6 bxc6 13. Rad1 Rd8 14. f4 Rb8
15. b3 d5 16. exd5 cxd5 17. Bd4 Bxd4+ 18. Qxd4 Nf5 19. Qd2 d4 20. Rf3 Bb7 21.
Rd3 Bxg2 22. Kxg2 Ne3+ 23. Kg1 Nxd1 24. Nxd1 Rbc8 25. Rxd4 Qc5 26. c3 Rxd4 27.
Qxd4 Qxd4+ 28. cxd4 Rc1 0-1

[Event "Quebec op U2000"]
[Site "Montreal CAN"]
[Date "2023.08.01"]
[Round "5.32"]
[White "Goldner, John"]
[Black "Giroux, Robert"]
[Result "0-1"]
[WhiteElo "1628"]
[BlackElo "1843"]
[PlyCount "76"]
[EventDate "2023.07.29"]
[EventType "swiss"]
[EventRounds "9"]
[EventCountry "CAN"]

1. e4 e6 2. d4 d5 3. e5 c5 4. c3 Qb6 5. Nf3 Bd7 6. Bd3 Bb5 7. O-O Bxd3 8. Qxd3
Nc6 9. dxc5 Bxc5 10. b4 Bf8 11. Bf4 Nge7 12. Nbd2 Ng6 13. Bg3 Be7 14. Rfe1 h5
15. h4 Qd8 16. b5 Na5 17. Qd4 b6 18. Nb3 Nb7 19. a4 Rc8 20. Nbd2 Na5 21. Rac1
Nc4 22. Nb3 Qc7 23. Re2 Bc5 24. Qd3 Be7 25. Nbd4 Na5 26. Nxe6 fxe6 27. Qxg6+
Kd7 28. Nd4 Rh6 29. Qxg7 Rch8 30. Nf5 R8h7 31. Qxh6 Rxh6 32. Nxh6 Qc4 33. Rd2
Qxa4 34. Rb1 Qc4 35. Rc2 Qd3 36. Rbb2 Qg6 37. Bf4 Bf8 38. Rb4 Bxb4 0-1

[Event "Quebec op U2000"]
[Site "Montreal CAN"]
[Date "2023.08.01"]
[Round "5.33"]
[White "Templonuevo, Mark Geryl"]
[Black "Madanchi, Ata"]
[Result "0-1"]
[WhiteElo "1886"]
[BlackElo "1836"]
[PlyCount "72"]
[EventDate "2023.07.29"]
[EventType "swiss"]
[EventRounds "9"]
[EventCountry "CAN"]

1. d4 Nf6 2. c4 e6 3. Nc3 Bb4 4. Qc2 c5 5. e3 O-O 6. Bd3 d5 7. Nge2 Nbd7 8.
cxd5 exd5 9. g4 Re8 10. Bd2 c4 11. Bf5 g6 12. Bxd7 Bxd7 13. f3 Bc6 14. O-O-O b5
15. g5 Nh5 16. e4 Bxc3 17. Nxc3 b4 18. Nxd5 Bxd5 19. exd5 c3 20. Be1 Qxg5+ 21.
Kb1 Qxd5 22. bxc3 bxc3 23. Bxc3 Nf4 24. Rd2 Rac8 25. Rc1 Re3 26. Qb2 Nd3 27.
Rxd3 Rxd3 28. Bd2 Rxc1+ 29. Bxc1 Qxd4 30. Qb8+ Qd8 31. Qxa7 Rxf3 32. h4 Qd3+
33. Kb2 Qc3+ 34. Kb1 h5 35. Qg1 Qd3+ 36. Kb2 Qe2+ 0-1

[Event "Quebec op U2000"]
[Site "Montreal CAN"]
[Date "2023.08.01"]
[Round "5.34"]
[White "Forget, Luc"]
[Black "Ouni, Iheb"]
[Result "1-0"]
[WhiteElo "1771"]
[BlackElo "1189"]
[PlyCount "57"]
[EventDate "2023.07.29"]
[EventType "swiss"]
[EventRounds "9"]
[EventCountry "CAN"]

1. d4 d5 2. c4 Nf6 3. Nf3 Nc6 4. Nc3 Bf5 5. e3 e6 6. a3 a6 7. Bd3 dxc4 8. Bxc4
Bd6 9. O-O O-O 10. Bd3 Bxd3 11. Qxd3 h6 12. Bd2 Re8 13. Qc2 e5 14. dxe5 Nxe5
15. Nxe5 Bxe5 16. Rad1 Ng4 17. g3 Qf6 18. Nd5 Qd8 19. Bc3 Qc8 20. Bxe5 Nxe5 21.
f4 Nc6 22. e4 Rd8 23. Rf2 b5 24. Qxc6 Rd6 25. Qxd6 cxd6 26. Ne7+ Kf8 27. Nxc8
Rxc8 28. Rxd6 Ke7 29. Rfd2 1-0

[Event "Quebec op U2000"]
[Site "Montreal CAN"]
[Date "2023.08.01"]
[Round "5.35"]
[White "Baran, Marius"]
[Black "Morin, Louis"]
[Result "1-0"]
[WhiteElo "1803"]
[BlackElo "1806"]
[PlyCount "155"]
[EventDate "2023.07.29"]
[EventType "swiss"]
[EventRounds "9"]
[EventCountry "CAN"]

1. d4 d5 2. c4 e6 3. Nc3 c5 4. cxd5 cxd4 5. Qxd4 Nc6 6. Qa4 exd5 7. e3 Nf6 8.
Nf3 Bd6 9. Be2 O-O 10. O-O Bd7 11. Qb3 Qa5 12. Nb5 Bb8 13. Bd2 Qb6 14. Nbd4 Qc7
15. g3 Bg4 16. Rac1 Nxd4 17. Nxd4 Qe7 18. Bxg4 Nxg4 19. Qxd5 Nf6 20. Qb3 Rd8
21. Bb4 Qd7 22. Rfd1 Qh3 23. Ne2 Be5 24. f3 Nh5 25. Be1 Rd7 26. Rxd7 Qxd7 27.
Kg2 g6 28. Rd1 Qc7 29. Bc3 Bxc3 30. Qxc3 Qxc3 31. Nxc3 Nf6 32. e4 Re8 33. Kf2
Kf8 34. Ke3 Ke7 35. h4 h6 36. g4 g5 37. h5 a6 38. Rd2 Ke6 39. Ne2 Ke5 40. Nd4
Ng8 41. Nf5 Rc8 42. Rd5+ Ke6 43. f4 f6 44. fxg5 fxg5 45. Rd6+ Ke5 46. Rd5+ Ke6
47. Kd4 Rc7 48. Rd6+ Kf7 49. e5 Rc1 50. Nxh6+ Nxh6 51. Rxh6 Rg1 52. Kd5 Rxg4
53. Rh7+ Kf8 54. Rxb7 Rh4 55. Ke6 Rxh5 56. Kf6 Ke8 57. Kg6 Rh2 58. Kxg5 Rf2 59.
a4 a5 60. b4 Rb2 61. b5 Rb4 62. Kf6 Rxa4 63. Ke6 Kd8 64. Ra7 Ra1 65. b6 Kc8 66.
Kd6 a4 67. e6 a3 68. e7 Rd1+ 69. Kc5 Rc1+ 70. Kb4 Re1 71. Kxa3 Ra1+ 72. Kb4
Rb1+ 73. Kc5 Rc1+ 74. Kb4 Rb1+ 75. Kc3 Re1 76. Ra8+ Kd7 77. e8=Q+ Rxe8 78. Rxe8
1-0

[Event "Quebec op U2000"]
[Site "Montreal CAN"]
[Date "2023.08.01"]
[Round "5.36"]
[White "Blanchet, Robert"]
[Black "Beaulieu, Pierre"]
[Result "1/2-1/2"]
[WhiteElo "1810"]
[BlackElo "1758"]
[PlyCount "137"]
[EventDate "2023.07.29"]
[EventType "swiss"]
[EventRounds "9"]
[EventCountry "CAN"]

1. e4 g6 2. d4 Bg7 3. Nc3 a6 4. Be3 d6 5. Qd2 b5 6. Nf3 Bb7 7. Bd3 Nd7 8. Ne2
c5 9. c3 h6 10. Ng3 e5 11. O-O Ngf6 12. Rad1 Ng4 13. dxc5 Nxe3 14. Qxe3 dxc5
15. Bc2 Qc7 16. h4 h5 17. Qg5 Nf8 18. Nf5 f6 19. Nxg7+ Qxg7 20. Qe3 Qc7 21. Rd2
Ne6 22. Rfd1 Rh7 23. a4 Rb8 24. axb5 axb5 25. Qd3 c4 26. Qd6 Re7 27. Qb4 Qc5
28. Rd6 Qxb4 29. cxb4 Rd8 30. Rxd8+ Nxd8 31. Nd2 Nc6 32. f3 Nxb4 33. Bb1 Rd7
34. Kf1 Nd3 35. Bxd3 Rxd3 36. Ke2 Rd7 37. Ra1 Ke7 38. Ra5 Bc6 39. Nb1 b4 40.
Nd2 c3 41. bxc3 bxc3 42. Nb3 Rb7 43. Ra3 Bb5+ 44. Ke3 Bf1 45. g4 Rc7 46. Nc1
Bb5 47. gxh5 gxh5 48. f4 exf4+ 49. Kxf4 Bd7 50. Ke3 Bg4 51. Kd3 c2 52. Ra2 Bd1
53. Ra1 Rb7 54. Kc3 Rb8 55. Ra7+ Ke6 56. Kd2 Ke5 57. Ra4 Kf4 58. Nd3+ Kg3 59.
Rc4 Rb6 60. e5 fxe5 61. Nxe5 Rd6+ 62. Kc1 Rd5 63. Nf7 Ra5 64. Nd6 Ra1+ 65. Kd2
c1=Q+ 66. Rxc1 Rxc1 67. Kxc1 Bg4 68. Ne4+ Kxh4 69. Nf6 1/2-1/2

[Event "Quebec op U2000"]
[Site "Montreal CAN"]
[Date "2023.08.01"]
[Round "5.37"]
[White "Morais, Antoine"]
[Black "Arsenault, Alexis"]
[Result "1-0"]
[WhiteElo "1532"]
[BlackElo "1667"]
[PlyCount "51"]
[EventDate "2023.07.29"]
[EventType "swiss"]
[EventRounds "9"]
[EventCountry "CAN"]

1. e4 e5 2. Nf3 Nc6 3. Bc4 Nf6 4. Ng5 d5 5. exd5 b5 6. Bf1 Nd4 7. c3 Nxd5 8.
cxd4 Qxg5 9. Bxb5+ Kd8 10. O-O Bb7 11. Qf3 e4 12. Qxf7 Be7 13. Qe6 Bc8 14. Qxe4
Rb8 15. d3 Qh5 16. Ba4 Rb6 17. Bd1 Qf7 18. Nc3 Nxc3 19. bxc3 Bb7 20. Qf4 Rf6
21. Qe3 Rf8 22. Rb1 Qd5 23. Rxb7 Qxb7 24. Bb3 h5 25. Qe4 Qc8 26. Bg5 1-0